[Event "Dortmund SuperGM 23rd"]
[Site "Dortmund"]
[Date "1995.07.21"]
[Round "7"]
[White "Kramnik, Vladimir"]
[Black "Lautier, Joel"]
[Result "1/2-1/2"]
[WhiteElo "2730"]
[BlackElo "2645"]
[Annotator "Hansen,Cu"]
[PlyCount "45"]
[EventDate "1995.07.14"]
[EventType "tourn"]
[EventRounds "9"]
[EventCountry "GER"]
[EventCategory "17"]
[SourceTitle "CBM 048"]
[Source "ChessBase"]
[SourceDate "1995.10.01"]
[SourceVersion "1"]
[SourceVersionDate "1995.10.01"]
[SourceQuality "1"]

1. Nf3 {Von Gleich} d5 2. d4 e6 3. g3 {Weicht dem angenommenen Damengambit aus,
mit dem Lautier in letzter Zeit sehr gute Erfolge hatte.} Nf6 4. Bg2 Be7 5. O-O
O-O 6. c4 dxc4 7. Qc2 a6 8. a4 Bd7 9. Qxc4 Bc6 10. Bf4 a5 (10... Bd6 11. Nc3 (
11. Bg5 Nbd7 12. Nc3 h6 13. Bd2 e5 14. dxe5 Nxe5 15. Nxe5 Bxe5 16. Bxc6 Qxd2
17. Bxb7 Rab8 18. Qxa6 Qxb2 19. Nb5 Qxe2 $10 {1/2-1/2 Birnboim,N-Namyslo,H/
Lugano 1989 op (06) 1989 (33)}) 11... Bxf4 12. gxf4 Qd6 (12... a5 13. e3 Na6
14. Rfd1 Nb4 15. Rac1 Ra6 16. Ne5 Bxg2 17. Kxg2 $14 {1-0 Birnboim,
N-Shterenberg,P/ISR ch 35/584 1982 (42)}) 13. e3 Nbd7 14. Rfc1 Rac8 15. b4 $14
{Vadasz,L-Plachetka,J/Trnava 27/507/1979/}) (10... Nbd7 11. Nc3 (11. Rc1 Rc8
12. Nc3 Nb6 13. Qb3 a5 14. Nb5 Bd5 15. Qd1 c6 16. Nc3 c5 {= Vukic,M-Parma,B/
YUG ch 33/(599) 1982}) (11. Qc2 Bd6 12. Nc3 Bxf4 13. gxf4 Bxf3 14. Bxf3 c6 15.
a5 Re8 16. e3 $14 {Birnboim,N-Kortschnoj,V/Beersheva 1987/1/2-1/2 (60)}) 11...
Nb6 (11... Rc8 12. Rfe1 Nb6 13. Qb3 a5 14. e4 $16 {Kakhiani,K-Bojkovic,N/Sm.
Palanka (Gruzija-Gosa [6]) 1990/1/2-1/2 (51)}) 12. Qb3 (12. Qd3 Nbd5 13. Bg5 (
13. Bd2 Nxc3 14. bxc3 Be4 15. Qe3 b5 16. Ne5 Bxg2 17. Kxg2 c5 18. Nc6 Qc7 19.
Qf3 Rac8 20. axb5 axb5 21. Nxe7+ Qxe7 22. Bg5 $14 {Frendzas,P-Pandavos,E/
Peristeri (09) 1993/1/2-1/2 (60)}) 13... Nxc3 14. bxc3 Be4 15. Qe3 Bc6 16. a5
$14 {Alburt,L-Prandstetter,E/Taxca izt/1985/}) 12... a5 (12... Nbd5 13. Rfd1
Nxf4 14. gxf4 {1/2-1/2 Karlsson,L-Spassov,L/Eksjo (10) 1981}) 13. Nb5 {N} (13.
Rfd1 {N} Ra6 14. Qc2 Nbd5 15. Bd2 (15. Bg5 Nxc3 16. bxc3 Be4 17. Qc1 c5 18. Qe3
Bd5 19. h3 Qc8 20. Rab1 $14 {Birnboim,N-Kosashvili,Y/ISL-ch 1986/1-0 (51)})
15... Nxc3 16. bxc3 Be4 17. Qa2 c5 18. Bg5 Nd5 {= Petrosian-Ivanovic/Vrbas 30/
(505) 1980}) (13. Rfe1 Nbd5 14. Be5 Nxc3 15. bxc3 Ra6 16. Bxf6 Bxf6 17. e4 $16
{Kachiani Gerchinska-Garcia/Moscow ol (02) 1994 (39)}) 13... Nbd5 14. Be5 Bd6
15. Bxf6 Nxf6 16. Ne5 Bxg2 17. Kxg2 Bb4 $10 {Tal,M-Georgadze,T/URS ch 29/425
1979/0-1 (40)}) (10... Nd5 11. Bd2 (11. Nc3 Nxf4 12. gxf4 Nd7 (12... a5 $5 13.
Rfd1 Bd5 $5 (13... Na6 14. d5 $1 exd5 15. Nxd5 $36) 14. Qb5 (14. Nxd5 exd5 15.
Qb5 Na6 16. Qxb7 Nb4 $10) 14... Na6 15. e4 Bc6 16. Qc4 $14 {Hulak,K-Psakhis,L/
Zagreb (zt) 57/475 1993/0-1 (37)} (16. Qe2 $5 Nb4 17. Ne5 Be8 $13)) 13. Qd3 Nf6
14. Rfd1 Qd6 15. e3 $14 {Vukic,M-Cebalo,M/YUG-ch 27/508/1979}) 11... Nd7 12.
Qc2 (12. Re1 a5 13. e4 Nb4 14. Qb3 Bd6 15. Bg5 Qe8 16. Nc3 e5 17. Qd1 exd4 18.
Nxd4 Ne5 {+/= Dlugy,M-Morovic Fernandez,I/Tunis izt 39/(593) 1985}) 12... a5 (
12... N5f6 13. Nc3 b5 14. Rfc1 Rc8 15. axb5 axb5 $14 {Dorfman,J-Geller,E/
URS-ch/1978/}) (12... Nb4 13. Bxb4 Bxb4 14. Rd1 Nf6 15. Nbd2 Qe7 16. Ne5 Bxg2
17. Kxg2 c5 18. dxc5 Qxc5 19. Qxc5 {1/2-1/2 Razuvaev,Y-Geller,E/URS-ch46
Tbilisi 1978}) 13. e4 Nb4 14. Bxb4 axb4 15. Nbd2 Nf6 16. b3 $14 {Dorfman,
J-Razuvaev,Y/URS-ch/1978/}) 11. Nc3 Na6 12. Rac1 (12. Rfe1 Nb4 13. Rac1 Nbd5
14. Ne5 Nxf4 15. Bxc6 Nxe2+ 16. Rxe2 bxc6 17. Nxc6 Qd7 18. d5 $14 {Agzamov,
G-Platonov,I/URS-FL Tashkent ,MCL 06 1980}) (12. Rfd1 Bd5 13. Nxd5 exd5 14. Qb3
Bb4 15. Ne5 h6 16. g4 c6 17. Kh1 Nd7 18. Qg3 g5 19. Bc1 Bd6 20. f4 f6 21. Nxd7
Qxd7 22. e4 {1/2-1/2 Sygulski,A-Sobura,H/dr ch POL Porabka (08) 1986}) (12.
Rae1 $5 Nb4 $6 (12... Bd5 $1 13. Nxd5 exd5 14. Qb5 Qc8 {/\ c6=}) 13. e4 Nd7 {
Kortschnoj,V-Hjartarson,J/St John (m/8) 45/6111/1988/} 14. Re2 $1 (14. Rd1 Nb6
15. Qb3) 14... Nb6 15. Qb3 Kh8 $14) (12. Qd3 Nb4 13. Qb1 Bxf3 14. Bxf3 c6 15.
Rd1 Bd6 $10) (12. Be5 {Von Gleich} Bd5 13. Qd3 c5 14. Ng5) 12... h6 13. Rfe1 {
[%cal Ye2e4]} (13. Be5 {Von Gleich}) (13. Rfd1 {Von Gleich} Bb4 14. Ne5 Bxg2
15. Kxg2 c6 (15... Bd6) (15... Nd5 16. Nd3 Nb6 {gewinnt einen Bauern}) 16. Nd3
Nd5 17. e4 Nxf4+ 18. gxf4 Qh4 19. Ne2 Bd6 20. Qb3 $13) 13... Bb4 14. Be5 {
[%cal Ye5f6,Ye2e4]} (14. Qd3 {Von Gleich} Bd5 15. e4 Bb3 (15... Bc6 $2 16. Ne5)
16. d5) 14... Bxf3 15. Bxf3 c6 16. Red1 (16. e4 Nd7 17. Bf4 Nb6 18. Qd3 c5 $132
{[%csl Rd4,Rf3,Rf4]}) (16. Qb3 {Von Gleich} Nd7 17. Bf4 Qe7 18. e4 e5 19. Be3
exd4 20. Bxd4 Nac5 21. Qc2 Ne6) 16... Qe7 (16... Bd6 $6 {Von Gleich} 17. Bxf6
Qxf6 18. Ne4 Qe7 19. Nxd6 Qxd6 $14) 17. Bf4 {[%csl Gd4][%cal Re2e4,Rf4e3]} (17.
Na2 {Von Gleich} Bd6 18. Bxd6 Qxd6 19. Qb3 Qe7 20. e4 $14 (20. Qb6 $2 Nd5 21.
Qxa5 Nab4) (20. e3 Nd5 21. Kg2 Rfd8 22. Rc4 Rd7 23. Nc3 Ndb4 24. Ne4 e5 25. Nc3
$14)) 17... Nd5 18. Bd2 {[%cal Ye2e4]} Rfd8 19. Qb3 (19. e4 $2 Nb6 {[%csl Rd4]}
) 19... Nf6 20. Be3 (20. Be1 $5 {[%cal Ye2e4]}) 20... Nd5 21. Bd2 Nb6 22. Be3
Nd5 23. Bd2 1/2-1/2

[Event "PCA/Intel-GP"]
[Site "London"]
[Date "1995.??.??"]
[Round "1"]
[White "Kramnik, Vladimir"]
[Black "Miles, Anthony John"]
[Result "1/2-1/2"]
[WhiteElo "2730"]
[BlackElo "2600"]
[PlyCount "132"]
[EventDate "1995.08.??"]
[EventType "k.o. (rapid)"]
[EventRounds "4"]
[EventCountry "ENG"]
[SourceTitle "CBM 049 Extra"]
[Source "ChessBase"]
[SourceDate "1996.01.01"]
[SourceVersion "1"]
[SourceVersionDate "1996.01.01"]
[SourceQuality "1"]

1. Nf3 d5 2. d4 Nf6 3. c4 dxc4 4. Nc3 a6 5. e4 b5 6. e5 Nd5 7. a4 e6 8. axb5
Nb6 9. Qc2 Bb7 10. Be2 Be7 11. O-O axb5 12. Rxa8 Bxa8 13. Nxb5 O-O 14. Rd1 Na6
15. Nc3 Nb4 16. Qb1 Qd7 17. Ne4 Qa4 18. Bg5 Bxg5 19. Nexg5 Qc2 20. Qxc2 Nxc2
21. Rc1 Nb4 22. Nd2 Rd8 23. Nxc4 h6 24. Nh3 Be4 25. Ne3 Rxd4 26. f3 Bg6 27.
Rxc7 Rd2 28. Nf4 Rxb2 29. Bf1 Bb1 30. Rb7 Nc6 31. Nd1 Rb4 32. Nc3 Nxe5 33. Nfe2
Bc2 34. f4 Ned7 35. Ng3 Rxf4 36. Nb5 Kf8 37. Nd6 Ke7 38. Nb5 Ba4 39. Nc3 Bc6
40. Rc7 Kd6 41. Ra7 Rb4 42. Be2 f5 43. Nf1 g5 44. Ra1 Nd5 45. Rd1 N7b6 46. Ne3
Ke5 47. Ncxd5 Nxd5 48. Nc4+ Kf6 49. Bf1 Rb3 50. Na5 Rc3 51. Rb1 Ba4 52. Ra1 Bc2
53. Nb7 Be4 54. Nd6 Ke5 55. Nc4+ Kd4 56. Rd1+ Kc5 57. Ne5 Rb3 58. Nf7 Rb2 59.
Rc1+ Rc2 60. Rxc2+ Bxc2 61. Nxh6 g4 62. h3 gxh3 63. gxh3 Kd6 64. h4 Ke7 65.
Ng8+ Kf7 66. Nh6+ Kg7 1/2-1/2

[Event "PCA/Intel-GP"]
[Site "London"]
[Date "1995.??.??"]
[Round "1"]
[White "Kramnik, Vladimir"]
[Black "Miles, Anthony John"]
[Result "1-0"]
[WhiteElo "2730"]
[BlackElo "2600"]
[Annotator "Vaisser,A"]
[PlyCount "79"]
[EventDate "1995.08.??"]
[EventType "k.o. (rapid)"]
[EventRounds "4"]
[EventCountry "ENG"]
[SourceTitle "CBM 049 Extra"]
[Source "ChessBase"]
[SourceDate "1996.01.01"]
[SourceVersion "1"]
[SourceVersionDate "1996.01.01"]
[SourceQuality "1"]

1. Nf3 d5 2. d4 Nf6 3. c4 dxc4 4. Nc3 a6 5. e4 b5 6. e5 Nd5 7. a4 e6 8. axb5
Nb6 $5 (8... Bb4 $5 9. Qc2 Nb6) 9. Ng5 $6 h6 10. Qh5 (10. Nge4) 10... hxg5 $2 (
10... g6 $1 11. Qh3 (11. Qh4 $2 Be7 12. f4 (12. Nce4 Bb7 13. Qh3 Qxd4 $19)
12... Qxd4 $19) 11... Qxd4 12. Nf3 Qd8 13. Bg5 Be7 14. Rd1 N8d7 15. Ne4 Bxg5 (
15... Nd5 16. Bxc4 Bxg5 (16... Nxe5 $2 17. Nxe5 Bxg5 18. Nc6 Qd7 19. Nxg5) 17.
Nfxg5 (17. Nexg5 $2 Nf4) 17... Qe7 $1 $16 (17... Nxe5 $2 18. Bxd5 exd5 19. Qc3)
(17... Nf4 $2 18. Qf3 hxg5 19. Nf6+ Kf8 20. Qxa8)) 16. Nfxg5 axb5 17. Nh7 $1
Rxh7 18. Nf6+ Nxf6 19. Rxd8+ Kxd8 20. exf6 Nd5 $17) 11. Qxh8 Qxd4 12. Be2 Qxe5
13. O-O $44 axb5 14. Rxa8 Nxa8 15. f4 $1 gxf4 16. Bxf4 Qc5+ 17. Kh1 Nd7 18. Ne4
Qd4 19. Ng5 Nf6 20. Bf3 $1 Nb6 21. Bxc7 Qc5 22. Bxb6 Qxg5 (22... Qxb6 23. Bh5
$1 $40 Nxh5 $140 24. Rxf7 Qd6 25. Qxh5 Kd8 26. Ra7 $18) 23. Bd4 $1 (23. h4 $2
Qh6) 23... b4 $8 24. h4 $2 (24. Bc6+ Nd7 (24... Bd7 25. Bxf6 gxf6 26. Bxd7+ $18
) (24... Ke7 25. h4 Qa5 26. Bxf6+ (26. Rxf6 $2 e5 $1) 26... gxf6 27. Qxf6+ Kd6
28. Be4 $18) 25. Qg8 Qe7 26. Bxg7 $18) 24... Qb5 25. Bxf6 gxf6 26. Qxf6 Be7 27.
Qh8+ Kd7 28. Ra1 $6 (28. Qg7 $5) 28... Qc5 29. h5 Qf2 $2 (29... c3 $5 30. bxc3
bxc3 31. Rc1 f6 32. Qh7 Qc4 33. Qe4 $140 Qxe4 34. Bxe4 f5 35. Bd3 Bf6 36. Ra1
Bb7 $16) 30. Rd1+ Bd6 31. Qe5 Qf1+ $1 32. Rxf1 (32. Kh2 $4 Qxd1 $1) 32... Bxe5
$14 33. Be2 Ke7 34. Bxc4 Bxb2 (34... f5 35. Ra1 Kf6 36. h6 Kg6 37. h7 Kxh7 38.
Ra8 $18) 35. h6 Bb7 36. Bd3 $1 f5 (36... Bd5 37. h7 Kf8 38. Rc1 $1) (36... Kf8
37. Bg6 f5 38. Rd1 $18) 37. Rb1 Bc3 38. h7 Kf7 39. Rxb4 Bd5 40. Rb8 1-0

[Event "Horgen"]
[Site "Horgen"]
[Date "1995.10.22"]
[Round "2"]
[White "Kramnik, Vladimir"]
[Black "Ehlvest, Jaan"]
[Result "1/2-1/2"]
[WhiteElo "2730"]
[BlackElo "2630"]
[Annotator "Dautov,R"]
[PlyCount "77"]
[EventDate "1995.10.??"]
[EventType "tourn"]
[EventRounds "11"]
[EventCountry "SUI"]
[EventCategory "17"]
[SourceTitle "CBM 050"]
[Source "ChessBase"]
[SourceDate "1996.02.01"]
[SourceVersion "1"]
[SourceVersionDate "1996.02.01"]
[SourceQuality "1"]

1. Nf3 e6 2. g3 b6 3. Bg2 Bb7 4. O-O Nf6 5. c4 Be7 6. Nc3 O-O 7. Re1 d5 8. cxd5
exd5 9. d4 Na6 10. Bf4 Qc8 11. Ne5 (11. Rc1 Rd8 (11... c5 12. Be5 Rd8 13. a3
Qd7 14. Bf4 h6 15. dxc5 bxc5 16. Qb3 g5 $6 17. Ne5 Qc8 18. Bd2 Rb8 19. e4 c4
20. Qc2 d4 21. Nd5 $16 {Nogueiras,J-Pogorelov,R/Alcobendas op (03) 1994}) 12.
Ne5 c5 13. dxc5 bxc5 14. e4 Nxe4 15. Nxe4 dxe4 16. Qb3 Bd5 17. Qe3 f6 18. Nc4
f5 19. f3 Bf6 20. Be5 Bxe5 21. Nxe5 Re8 22. Qf4 exf3 23. Bxf3 Bxf3 24. Nxf3 Qb7
25. Qxf5 $14 {Ehlvest,J-Wojtkiewicz,A/Haninge 1990}) 11... c5 $5 (11... Rd8)
12. dxc5 Bxc5 (12... Nxc5 $2 13. Nxd5 Bxd5 14. Bxd5 $16) 13. e3 (13. Nxd5 $2
Nxd5 14. Bxd5 Bxf2+ 15. Kxf2 Qc5+ $10) (13. Rc1 $5 Qe6 (13... d4 14. Bxb7 Qxb7
15. Nb5 Rad8 16. Bg5 $16) 14. Nd3 $14) 13... Bb4 $5 (13... Qe6 {/\g5} 14. Nd3
$14 (14. Nf3 Ne4 15. Nd4 Qf6 $132)) 14. Rc1 Qe6 15. Nd3 (15. Nf3 Ne4 16. Nd4
Qf6 $132) 15... Bxc3 16. Rxc3 Ne4 17. Rc1 f6 {/\g5} 18. g4 (18. f3 Nec5 $10 {
ץg2}) (18. b4 $5 Rac8 $1 (18... g5 $2 19. f3 gxf4 (19... Nd6 20. Bxd6 Qxd6 21.
Qb3 $16) 20. Nxf4 Qf7 21. fxe4 dxe4 22. Qg4+ Kh8 23. a3 $16) 19. Qh5 g5 20. Bh3
Qe8 21. Qxe8 Rcxe8 22. b5 Nac5 23. Nxc5 bxc5 24. Bc7 $10) 18... Rac8 19. h3
Rxc1 20. Nxc1 $14 Nac5 21. f3 (21. Ne2 $5 Ba6 22. Nd4 Qf7 23. f3 Ng5 24. Bxg5
fxg5 25. Qd2 $14) 21... Nd6 22. b3 (22. Ne2 $5 Nc4 23. Nd4 Qd7 24. b3 Ne5 25.
Bg3 Re8 26. Qd2 $14) 22... Nf7 23. b4 $2 {[%csl Rc4] ><c4} Nd7 24. Nb3 Nde5 25.
Nd4 Qd7 26. Bg3 Rc8 27. Kh2 (27. f4 {><e4} Nc4 (27... Nc6 $5 28. Nc2 Ne7 {/\Qa4
} 29. Nd4 Nc6 $10) 28. f5 Nfe5 (28... Ng5 $5) 29. Ne6 Qb5 $132) 27... Nd6 $10
28. h4 Re8 29. Qb3 Kh8 30. b5 Ndc4 31. a4 Qf7 32. h5 h6 33. Bf4 Nd7 34. Qc2 Nc5
35. Bf1 Ne5 36. Kg3 (36. a5 Ne6 37. Bxe5 (37. Kg3 bxa5 $15) 37... fxe5 38. Nxe6
Qxe6 (38... Rxe6 $2 39. a6 Ba8 {ץa8} 40. Rc1 Re8 41. Qg6 Qxg6 42. hxg6 d4 43.
e4 $18) 39. Qc7 Qe7 {/\Qh4} 40. Qxe7 Rxe7 41. a6 Bc8 $10) 36... Rc8 37. Qf5 Re8
38. Qc2 Rc8 39. Qf5 1/2-1/2

[Event "Horgen"]
[Site "Horgen"]
[Date "1995.10.25"]
[Round "5"]
[White "Jussupow, Artur"]
[Black "Kramnik, Vladimir"]
[Result "1/2-1/2"]
[WhiteElo "2680"]
[BlackElo "2730"]
[Annotator "Jussupow,A"]
[PlyCount "54"]
[EventDate "1995.10.??"]
[EventType "tourn"]
[EventRounds "11"]
[EventCountry "SUI"]
[EventCategory "17"]
[SourceTitle "CBM 050"]
[Source "ChessBase"]
[SourceDate "1996.02.01"]
[SourceVersion "1"]
[SourceVersionDate "1996.02.01"]
[SourceQuality "1"]

1. d4 {King} d5 2. c4 c6 3. Nc3 Nf6 4. e3 e6 5. Nf3 Nbd7 6. Bd3 dxc4 7. Bxc4 b5
8. Bd3 Bb7 9. e4 b4 10. Na4 c5 11. e5 Nd5 12. dxc5 Nxc5 (12... Rc8 13. O-O Nxc5
(13... Bxc5 14. Ng5 Be7 15. Qg4 $4 Rxc1 {0-1/Timoshchenko,G-Kaidanov/Wien/1989}
) 14. Bb5+ (14. Nxc5 Bxc5 15. Ng5 Be7 16. h4 $13 {Kaidanov} (16. Nxh7 g6 (16...
Bc6 $2 17. Qg4 $16 {Nedobora-Ruis/Ibercaja/1994}) 17. Bb5+ Bc6 18. Bxc6+ Rxc6
19. Qa4 Qd7 20. Nf6+ Bxf6 21. exf6 Rc4 $44)) 14... Nd7 15. Bg5 Be7 16. Bxe7
Qxe7 17. Qd4 O-O 18. Qxa7 Bc6 19. Bxc6 Rxc6 20. Qd4 Rfc8 $44 {Piket-Kaidanov/
Ca'n Picafort/1991/-53/(426)}) (12... Qa5 13. O-O Bxc5 (13... Bc6 14. Bc2 Nxc5
(14... h6 15. Nd4 Rc8 16. a3 Qc7 17. Qh5 Qxe5 18. Qxe5 Nxe5 19. Re1 Nd7 20.
Nxc6 Rxc6 21. Be4 N7f6 22. axb4 $16 {Hort-Herbrechtsmeier/Bl/1985}) 15. Nxc5
Bxc5 16. Bd2 (16. Nd4 $16 {ECO}) 16... Qb6 $2 17. Ng5 Bd4 18. Qh5 g6 19. Qf3
$16 {Sardinha-Silva/Portugal/ch/1974/-19/530/ECO}) (13... Nc7 14. Bc2 Rd8 (
14... Nxc5 15. Nxc5 Bxc5 16. Ba4+ Kf8 17. Be3 (17. Ng5 h6) 17... Bxe3 18. fxe3
$36) 15. Bg5 $13 {1/2-1/2/Stohl-Khenkin/Khalhidiki/1992} f6) (13... Nxc5 14.
Nxc5 Bxc5 15. Ng5 Be7 16. Qg4 Bxg5 17. Bxg5 Ba6 18. Bxa6 Qxa6 19. Rfc1 Qd3 20.
a3 O-O 21. axb4 Qg6 22. h3 h6 23. Bd2 Qxg4 24. hxg4 Rfb8 $10 {Hansen,C-Mueller/
Hamburg/1991}) 14. a3 (14. Re1 N5b6 (14... Be7 15. Nd4 O-O 16. Qg4 Rfd8 17. Bh6
Bf8 18. Bg5 Re8 (18... Qxa4 19. Bxd8 Rxd8 20. Qh4) 19. Bb5 $16 {
Thorsteins-Roos/Saint John/1988}) 15. Nxb6 Qxb6 16. Qe2 Rc8 17. a3 Bxf3 18.
gxf3 $15 {Rukavina-Korchnoi/Leningrad/izt/1973/-15/505/ECO}) (14. Nxc5 {
-13.Nc5 Bc5 14.dc Qa5} Nxc5 15. Bc2 Rd8 (15... Ba6 16. Re1 Rd8 17. Bg5 Rd7 18.
Qd4 Nb6 19. Qg4 h5 20. Qh4 Bd3 21. Bxd3 Nxd3 22. Re2 $16 {Aseev-Dokhoian/
Klaipeda/1988/-46/573}) (15... O-O-O $5 {Chernin}) 16. Nd4 Ne7 17. Be3 O-O 18.
Qh5 Ng6 19. f4 $13 {Pinter-Chernin/Hungary/1992/-56/501}) 14... Be7 (14... bxa3
15. Nxc5 Nxc5 (15... Qxc5 16. Rxa3 h6 17. Qe2 Qb6 18. Bb5 Bc6 19. Nd4 Bxb5 20.
Nxb5 $14 {Timoshchenko,G-Smagin/Moscow/1989}) 16. Rxa3 Qb6 17. Ng5 Nxd3 18.
Qxd3 Ne7 19. Be3 Qc6 20. f3 Qd5 21. Qxd5 Bxd5 22. Rxa7 Rxa7 23. Bxa7 Nc6 $10 {
Delchev-Ninov/Bulgaria/30'/ch/1995}) 15. Bd2 O-O 16. Be4 $5 (16. Re1 Rfd8 (
16... Qd8 17. h4 (17. axb4 Nxb4 18. Be4 Bxe4 19. Rxe4 Nd5 {(Radev-Szabo/Albena/
1970/-10/633)} 20. Nd4 $14 {ECO}) 17... Bxh4 18. axb4 Be7 19. Nc5 Nxc5 20. bxc5
Qd7 21. Ng5 Bxg5 22. Bxg5 Bc6 23. Qg4 $16 {Cvitan-Bryson/Debrecen/EM/1992}) 17.
Qb3 Rab8 18. Be4 Bc6 19. axb4 Bxb4 20. Nc3 Qc5 $10 {Uhlmann-Larsen/Monte Carlo/
1968/-5/534/ECO}) 16... Rfd8 (16... f5 $6 17. axb4 Qc7 18. Rc1 Qb8 19. Bb1 Nxe5
20. Nxe5 Qxe5 21. Re1 Qd4 22. Nc5 $16 {Hansen,C-Gurevich/Taastrup/1992/-54/435}
) 17. axb4 Bxb4 18. Bg5 Re8 19. Nc3 Qc7 20. Nxd5 exd5 21. Rc1 Qa5 $10 {
Shneider-Maksimenko/Kherson/1989}) 13. Bb5+ Nd7 14. Bg5 Qa5 {King: Kramnik
correctly decides to delay castling, or indeed, not to castle at all, on
positional grounds.} (14... Be7 $2 {+/=/ECO} 15. Nc5 $16) 15. Bxd7+ (15. Nd4
Ba6 $1 (15... Be7 16. Rc1 Bxg5 17. Bxd7+ Kxd7 18. Nc5+ Ke7 19. Nxb7 Qb6 20.
Nf5+ exf5 (20... Kf8) 21. Qxd5 Bxc1 22. Nd6 Raf8 (22... Rhc8 23. Qxf7+ Kd8 24.
Nb7+ $18) 23. Nxf5+ Ke8 24. Nxg7+ Ke7 25. Nf5+ Ke8 26. O-O $18 Bxb2 27. Rd1 {
1-0/Wells-Muir/Great Britain/ch/1989}) 16. Bc6 Rc8 17. Rc1 b3+ $17 {Hansen,
C-Shirov/Biel/1992}) 15... Kxd7 16. O-O Be7 $5 $146 {King: Kramnik understands
exactly what he has got himself involved  in. The rock solid outpost on d5
ensures that Black's king will not come to any harm, and that is borne out by
the game continuation.} (16... h6 17. Bd2 Bc6 18. b3 Bxa4 19. bxa4 Bc5 20. a3
Rhc8 21. Rb1 Rab8 22. Ne1 $36 {Cvitan-Kharlov/Bern/op/1992}) (16... Bc6 17. b3
Bxa4 18. bxa4 h6 19. Be3 Be7 20. Nd4 Rhc8 21. Qh5 $36 g6 22. Qf3 Ke8 23. Nb5
Qxa4 24. Nd6+ Bxd6 25. exd6 Qd7 26. Bxh6 Qxd6 27. Rfe1 (27. Rad1 Rc3 28. Qe4
Kd7 29. Bd2 (29. Qd4 $5) 29... Rac8 $44 {Cvitan-Shabalov/Biel/op/1992}) 27...
Rc3 28. Qe4 Rac8 29. Rad1 Kd7 30. Qd4 $36 {Balashov-Mariotti/Leningrad/1977/
-24/548}) 17. b3 (17. a3 Rhd8 18. axb4 Qxb4 19. Bd2 Qg4 (19... Qc4 20. Rc1 Qa6
21. Ng5 Ke8 $13) 20. Qb3 Nb6 $13 (20... Rab8 $5)) 17... h6 $1 18. Bxe7 (18. Bd2
Rhc8 $132) 18... Kxe7 19. Nd2 $6 (19. Nb2 Qc7 20. Nc4 Nc3 21. Qd2 Bxf3 22. gxf3
$15) (19. Qd4 $142 Rhd8 20. Qe4 $5 Rab8 21. Qh7 Rh8 $10) 19... Nf4 $1 20. Nc4
Qd5 21. Qxd5 (21. f3 Rhd8 $17) 21... Bxd5 22. Ne3 $15 Rhc8 $6 (22... Rhd8 $5
23. Nb2 Rac8 $15 (23... a5) (23... Ne2+ 24. Kh1 Nc3 $15)) 23. Rfe1 $1 Be4 (
23... Bc6 24. Nb2 Bb5 25. Nec4 $10) 24. f3 Bg6 (24... Bc2) 25. Nc4 $1 Nd3 26.
Red1 $10 Rd8 $10 (26... f6 $1 $10) (26... Rxc4 27. bxc4 Nxe5 $44) 27. a3 $1
bxa3 (27... Rab8 28. axb4 Rxb4 29. Nab2 Nxb2 30. Rxa7+ Ke8 31. Rxd8+ Kxd8 32.
Nxb2 Rxb3 (32... Rb5 33. Nc4) 33. Nc4 Ke8 34. Nd6+ Kf8 $10 35. Ra8+ Ke7 36.
Re8+ Kd7 37. Rg8 Ke7 $10) (27... bxa3 28. Rxa3 f6 $1 $10 (28... a6 $2 29. Nab6
Ra7 30. Rda1 $16) (28... Rab8 29. Nab2 Nxb2 $10 (29... Rd7))) 1/2-1/2

[Event "Horgen"]
[Site "Horgen"]
[Date "1995.10.26"]
[Round "6"]
[White "Kramnik, Vladimir"]
[Black "Short, Nigel D"]
[Result "1-0"]
[WhiteElo "2730"]
[BlackElo "2645"]
[Annotator "Donev,I"]
[PlyCount "133"]
[EventDate "1995.10.??"]
[EventType "tourn"]
[EventRounds "11"]
[EventCountry "SUI"]
[EventCategory "17"]
[SourceTitle "CBM 050"]
[Source "ChessBase"]
[SourceDate "1996.02.01"]
[SourceVersion "1"]
[SourceVersionDate "1996.02.01"]
[SourceQuality "1"]

1. Nf3 d5 2. d4 Bf5 3. c4 e6 4. Nc3 Nc6 5. Bf4 (5. Bg5 Be7 6. cxd5 exd5 7. Bxe7
Ngxe7 8. e3 O-O 9. Be2 Nc8 10. O-O a6 11. b4 Bg4 12. Qb3 N6e7 13. a4 c6 14. b5
axb5 15. axb5 Nd6 16. bxc6 bxc6 17. Ne5 Bxe2 18. Nxe2 Qc7 19. Nf4 Ne4 {
Vaganian,R-Short,N/Novgorod (09) ;CBM 48 1995/1/2-1/2 (54)}) 5... Nf6 6. e3 Be7
7. cxd5 (7. Be2 dxc4 8. Bxc4 Nb4 9. O-O O-O 10. Rc1 c6 11. Bg5 Nbd5 12. Qb3 Ne4
$10 {1-0 Huebner,R-Vaganian,R/GER-CupT sf Muenster ;CBM 46 1995 (62)} (12...
Qb6 $10 {Huebner,R})) 7... Nxd5 8. Bg3 O-O 9. Be2 Bb4 10. Qc1 Bd6 11. O-O Bxg3
12. hxg3 Qd6 13. Nd2 Bg6 14. Bf3 Nce7 15. Rd1 c6 16. Nc4 Qc7 17. e4 Nb6 18. Ne5
Rac8 19. Qe3 Rfd8 20. Rac1 Qb8 21. Be2 Nd7 22. f4 b5 23. b4 a5 24. a3 axb4 25.
axb4 f6 26. Nxg6 hxg6 27. d5 exd5 28. exd5 Nf5 29. Qf2 c5 30. Nxb5 Nd6 31. bxc5
Nxb5 32. c6 Nd6 33. cxd7 Rxc1 34. Rxc1 Rxd7 35. Bd3 Kf7 36. Rc6 Qb3 37. Qf3 Qb7
38. Qe3 Re7 39. Qb6 Qxb6+ 40. Rxb6 Rd7 41. Kf2 Nc8 42. Rb8 Nd6 43. Rb6 Nc8 44.
Rc6 Ne7 45. Bc4 Kf8 46. Rc5 Rd8 47. Ra5 Nf5 48. Bd3 Ne7 49. Be4 Kf7 50. Ke3 Rd7
51. Rc5 Nf5+ 52. Kf2 Ra7 53. g4 Nd6 54. Bc2 f5 55. Rc6 Ke7 56. gxf5 gxf5 57.
Ke3 Ra3+ 58. Bd3 Kd7 59. Kd4 Ra1 60. Bc2 Rf1 61. Ra6 Rf2 62. Ra7+ Ke8 63. Ba4+
Kf8 64. g3 Rf3 65. Rd7 Nf7 66. Rc7 Rxg3 (66... g5 67. Bd1 Rxg3 68. Bh5 Nd6 69.
Ke5 $18) 67. Rc8+ (67. Rc8+ Ke7 68. Re8+ Kd6 69. Re6+ Kc7 70. Re7+ $18) 1-0